| 000 | 00554nam a22002057a 4500 | ||
|---|---|---|---|
| 005 | 20231013165656.0 | ||
| 008 | 230608b |||||||| |||| 00| 0 eng d | ||
| 020 | _a817224407x | ||
| 040 | _aMCHVL | ||
| 041 | _aEnglish | ||
| 082 |
_a658.4 _bWAT |
||
| 245 |
_aDynamics of leadership / _cedited by Craig M. Watson |
||
| 260 |
_aCalcutta : _bJaico, _c1995. |
||
| 300 |
_axi, 368p. ; _c24cm. |
||
| 500 | _aIncludes bibliography and index. | ||
| 650 | _aLeadership | ||
| 650 | _aPersonal management | ||
| 700 |
_aWatson, Craig M. _eed. |
||
| 942 | _cBK | ||
| 999 |
_c3148 _d3148 |
||